000
00308nam a2200109Ia 4500
008
200302s9999 xx 000 0 und d
100
_a
Udo Thonnissen
245
_a
Frameworks Frameworks tradition and Innovation/Hebelstabwerke tradition and Innovation
260
_b
Gta Verlag
260
_c
2017
300
_a
175
999
_c
6545
_d
6545